<?xml version="1.0" encoding="UTF-8"?>
<record
    xmlns:xsi="http://www.w3.org/2001/XMLSchema-instance"
    xsi:schemaLocation="http://www.loc.gov/MARC21/slim http://www.loc.gov/standards/marcxml/schema/MARC21slim.xsd"
    xmlns="http://www.loc.gov/MARC21/slim">

  <leader>00650nam a2200169Ia 4500</leader>
  <controlfield tag="008">           1978nyua   er    a  1  |engdd</controlfield>
  <datafield tag="020" ind1=" " ind2=" ">
    <subfield code="a">306335220</subfield>
  </datafield>
  <datafield tag="040" ind1=" " ind2=" ">
    <subfield code="a">A B U- Za</subfield>
  </datafield>
  <datafield tag="050" ind1=" " ind2=" ">
    <subfield code="a">QD 71</subfield>
  </datafield>
  <datafield tag="245" ind1=" " ind2="0">
    <subfield code="a">Contemporary topics in analytical and clinical chemistry, Vol. 3</subfield>
    <subfield code="c">edited by David M. Hercules, Gary M. Hieftje, Lloyd R. Snyder and Merle A. Evenson</subfield>
  </datafield>
  <datafield tag="260" ind1=" " ind2=" ">
    <subfield code="a">London</subfield>
    <subfield code="b">Plenum Press</subfield>
    <subfield code="c">1978</subfield>
  </datafield>
  <datafield tag="300" ind1=" " ind2=" ">
    <subfield code="a">x., 286p., :ill.,</subfield>
  </datafield>
  <datafield tag="504" ind1=" " ind2=" ">
    <subfield code="a">Includes Index and Bibliography</subfield>
  </datafield>
  <datafield tag="650" ind1=" " ind2=" ">
    <subfield code="a">Chemistry, Analytical</subfield>
  </datafield>
  <datafield tag="700" ind1=" " ind2=" ">
    <subfield code="a">David M. Hercules;Gary M. Hieftje;Lloyd R. Snyder;Merle A. Evenson</subfield>
  </datafield>
  <datafield tag="999" ind1=" " ind2=" ">
    <subfield code="c">13661</subfield>
    <subfield code="d">13661</subfield>
  </datafield>
</record>
